000 00286nam a22001337a 4500
008 170714b xxu||||| |||| 00| 0 eng d
020 _a9780072414899
041 _aeng
080 _a101
100 _a23
101 _aFIL
245 _aRITUAL AND BELIEF
_cHICKS.D
942 _2udc
_cBK
999 _c20714
_d20714